000
00311nam a22001337a 4500
008
170607b xxu||||| |||| 00| 0 eng d
020
_a
9780870032097
041
_a
eng
080
_a
327
100
_a
18
101
_a
SHP
245
_a
CRITICAL ,ISSION E ASY ON DEMOCRACY
_c
CAROTHERS.TH
942
_2
udc
_c
BK
999
_c
16309
_d
16309